[Event "TUR-chT2"]
[Site "Konya"]
[Date "2018.07.15"]
[Round "9.7"]
[White "Celik, Berkay"]
[Black "Caliskan, Vahdet"]
[Result "1-0"]
[WhiteElo "1901"]
[BlackElo "1663"]
[PlyCount "103"]
[EventDate "2018.07.10"]
[EventType "team-swiss"]
[EventRounds "9"]
[EventCountry "TUR"]
[SourceTitle "EXT 2019"]
[Source "ChessBase"]
[SourceDate "2018.10.10"]
[SourceVersion "1"]
[SourceVersionDate "2018.10.10"]
[SourceQuality "1"]
[WhiteTeam "Siirt Cedid"]
[BlackTeam "Bursa Uludag"]
[WhiteTeamCountry "TUR"]
[BlackTeamCountry "TUR"]

1. e4 e6 2. d4 d5 3. Nc3 Nf6 4. Bg5 Be7 5. Bxf6 Bxf6 6. Nf3 0-0 7. e5 Be7 8. Ne2 c5 9. c3 Nc6 10. a3 cxd4 11. cxd4 Qb6 12. Nc3 Bd7 13. b4 Rac8 14. Na4 Qd8 15. Nc5 b6 16. Nxd7 Qxd7 17. Bb5 Qb7 18. Qa4 Nb8 19. 0-0 a6 20. Be2 b5 21. Qb3 Nc6 22. Rfc1 Rc7 23. Rc3 Rfc8 24. Rac1 Nb8 25. Kf1 Rxc3 26. Rxc3 Rxc3 27. Qxc3 Nd7 28. Ne1 Nb6 29. Nd3 Nc4 30. Nc5 Bxc5 31. dxc5 Qc7 32. f4 Qd7 33. Bxc4 dxc4 34. Qf3 Qc8 35. Qd1 Qc7 36. Qd6 Qxd6 37. exd6 Kf8 38. c6 Ke8 39. Ke2 Kd8 40. Ke3 Kc8 41. Kd4 f6 42. g4 Kd8 43. h4 Kc8 44. g5 h6 45. gxf6 gxf6 46. f5 e5+ 47. Kd5 c3 48. Ke6 c2 49. Ke7 c1Q 50. d7+ Kc7 51. d8Q+ Kxc6 52. Qc8+ 1-0

[Event "TUR-chT2"]
[Site "Konya"]
[Date "2018.07.14"]
[Round "8.5"]
[White "Caliskan, Vahdet"]
[Black "Daloglu, Berkay"]
[Result "1/2-1/2"]
[WhiteElo "1663"]
[BlackElo "1692"]
[PlyCount "85"]
[EventDate "2018.07.10"]
[EventType "team-swiss"]
[EventRounds "9"]
[EventCountry "TUR"]
[SourceTitle "EXT 2019"]
[Source "ChessBase"]
[SourceDate "2018.10.10"]
[SourceVersion "1"]
[SourceVersionDate "2018.10.10"]
[SourceQuality "1"]
[WhiteTeam "Bursa Uludag"]
[BlackTeam "Mercan Egitim"]
[WhiteTeamCountry "TUR"]
[BlackTeamCountry "TUR"]

1. d4 Nf6 2. c4 g6 3. Nc3 d5 4. Bg5 c6 5. e3 Bg7 6. Nf3 0-0 7. Bd3 dxc4 8. Bxc4 Bf5 9. 0-0 Ne4 10. Bf4 Nd7 11. Rc1 Rc8 12. Bd3 Nxc3 13. bxc3 Bxd3 14. Qxd3 Qa5 15. c4 e5 16. Bg3 Rfe8 17. dxe5 Nxe5 18. Nxe5 Bxe5 19. Bxe5 Qxe5 20. Rfd1 Qe7 21. Qd7 Rcd8 22. Qxe7 Rxd1+ 23. Rxd1 Rxe7 24. Kf1 Kg7 25. Ke2 Kf6 26. f3 Ke6 27. e4 Rd7 28. Rxd7 Kxd7 29. Kd3 Kd6 30. Kd4 b6 31. f4 f6 32. g3 h6 33. h3 a6 34. a3 g5 35. Kd3 b5 36. Kd4 c5+ 37. Kc3 h5 38. h4 gxf4 39. gxf4 Kc6 40. Kb3 Kd6 41. Kc3 Kc6 42. Kb3 Kd6 43. Kc3 1/2-1/2

[Event "TUR-chT2"]
[Site "Konya"]
[Date "2018.07.13"]
[Round "6.11"]
[White "Caliskan, Vahdet"]
[Black "Turhan, Orhan Aytug"]
[Result "1-0"]
[WhiteElo "1663"]
[BlackElo "1396"]
[PlyCount "147"]
[EventDate "2018.07.10"]
[EventType "team-swiss"]
[EventRounds "9"]
[EventCountry "TUR"]
[SourceTitle "EXT 2019"]
[Source "ChessBase"]
[SourceDate "2018.10.10"]
[SourceVersion "1"]
[SourceVersionDate "2018.10.10"]
[SourceQuality "1"]
[WhiteTeam "Bursa Uludag"]
[BlackTeam "Duzce Belediye Genclik"]
[WhiteTeamCountry "TUR"]
[BlackTeamCountry "TUR"]

1. d4 d5 2. Nf3 Nf6 3. Bg5 h6 4. Bh4 Bf5 5. e3 Nbd7 6. c4 e6 7. Nc3 Be7 8. cxd5 Nxd5 9. Bg3 Nxc3 10. bxc3 0-0 11. Bd3 Bxd3 12. Qxd3 Nf6 13. 0-0 c5 14. Qb5 b6 15. Ne5 Ne4 16. Rfc1 Nxg3 17. hxg3 Qc7 18. a4 a6 19. Qb3 Rab8 20. Rab1 Rfc8 21. Qd1 Bf6 22. Ng4 Qe7 23. e4 cxd4 24. cxd4 Rxc1 25. Rxc1 Qd8 26. Nxf6+ Qxf6 27. Rc6 Qd8 28. d5 exd5 29. Qxd5 Qxd5 30. exd5 a5 31. d6 Kf8 32. d7 Rd8 33. Rxb6 Rxd7 34. Rb5 Ra7 35. Kf1 Ke7 36. Ke2 Kd6 37. Kd3 Kc6 38. Ke4 Kd6 39. f4 g6 40. Kf3 Kc6 41. Kg4 f5+ 42. Kh4 Ra6 43. g4 fxg4 44. Kxg4 Kd6 45. Re5 g5 46. g3 gxf4 47. gxf4 Kd7 48. Kf5 Ra8 49. Kg6 Rg8+ 50. Kxh6 Rg4 51. Re4 Kd6 52. Kh5 Rg1 53. Re5 Rh1+ 54. Kg5 Rg1+ 55. Kf6 Rg4 56. Kf5 Rh4 57. Kg5 Rh8 58. Rxa5 Rg8+ 59. Kf5 Rf8+ 60. Ke4 Re8+ 61. Re5 Rb8 62. a5 Ra8 63. f5 Kc6 64. f6 Kd7 65. Kf5 Rh8 66. Kg6 Rg8+ 67. Kh7 Rg1 68. f7 Rf1 69. Kg7 Rg1+ 70. Kf6 Rf1+ 71. Rf5 Rxf5+ 72. Kxf5 Ke7 73. a6 Kxf7 74. a7 1-0

[Event "TUR-chT2"]
[Site "Konya"]
[Date "2018.07.12"]
[Round "5.3"]
[White "Ozturk, Efe Hakan"]
[Black "Caliskan, Vahdet"]
[Result "1-0"]
[WhiteElo "1908"]
[BlackElo "1663"]
[PlyCount "93"]
[EventDate "2018.07.10"]
[EventType "team-swiss"]
[EventRounds "9"]
[EventCountry "TUR"]
[SourceTitle "EXT 2019"]
[Source "ChessBase"]
[SourceDate "2018.10.10"]
[SourceVersion "1"]
[SourceVersionDate "2018.10.10"]
[SourceQuality "1"]
[WhiteTeam "Izmir Apaydin Dernegi"]
[BlackTeam "Bursa Uludag"]
[WhiteTeamCountry "TUR"]
[BlackTeamCountry "TUR"]

1. d4 d5 2. c4 e6 3. Nf3 c6 4. Qc2 Bd6 5. g3 Nf6 6. Bg2 0-0 7. 0-0 Nbd7 8. Nbd2 Re8 9. Rd1 Nf8 10. e4 dxe4 11. Nxe4 Nxe4 12. Qxe4 Ng6 13. h4 h6 14. h5 Nf8 15. Bf4 Nh7 16. Bxd6 Qxd6 17. Qh4 Nf6 18. c5 Qc7 19. Ne5 Rd8 20. g4 Nh7 21. Nc4 Re8 22. Nd6 Qe7 23. Qg3 Rd8 24. b4 Qd7 25. a4 Nf6 26. b5 Ne8 27. Nc4 cxb5 28. c6 Qe7 29. axb5 bxc6 30. Na5 Qd6 31. Nxc6 Rd7 32. Qxd6 Nxd6 33. Ne5 Rb8 34. Nxd7 Bxd7 35. Bc6 Bxc6 36. bxc6 Rc8 37. Rdc1 Rc7 38. d5 exd5 39. Ra5 d4 40. Rd5 Ne8 41. Rxd4 Kf8 42. Rd7 a6 43. Kg2 Rc8 44. c7 Nxc7 45. Rcxc7 Rb8 46. Rxf7+ Kg8 47. Rxg7+ 1-0